Dublin Bus Routes - Statistics

General Stats
  • This quiz has been taken 161 times
    67 since last reset
  • The average score is 48 of 130
Answer Stats
Route Origin Destination Notes % Correct
1 Shaw St. Shanard Rd.
100%
4 Heuston Stn. Monkstown Ave.
100%
7 Mountjoy Sq. Brides Glen Luas
95%
6 Abbey St. Lwr Howth Stn.
93%
13 Mountjoy Sq. Grange Castle
90%
14 Ardlea Rd. Dundrum Luas
90%
9 Charlestown SC Limekiln Ave.
88%
11 Phoenix Park (Infirmary Rd.) Sandyford
85%
15 Clongriffin Ballycullen Rd.
85%
19 Merrion Sq. Dublin Airport
78%
16 Dublin Airport Ballinteer via Beaumont Village
76%
40 Earlsfort Terrace Charlestown SC
73%
39 Burlington Rd. Ongar
71%
26 Merrion Sq. Liffey Valley SC
68%
38 Burlington Rd. IBM Damastown via Castleknock
68%
44 DCU Enniskerry
68%
27 Clare Hall Jobstown
66%
41 Abbey St. Lwr Swords Manor via Dublin Airport
66%
33 Abbey St. Lwr Balbriggan
63%
37 Wilton Terrace Blanchardstown SC
63%
42 Talbot St. Portmarnock
63%
47 Poolbeg St. Belarmine
63%
43 Talbot St. Swords Business Park
61%
7a Mountjoy Sq. Loughlinstown Park
61%
7b Mountjoy Sq. Shankill
61%
49 Pearse St. Tallaght (The Square)
59%
52 Ringsend Rd. Leixlip Intel
54%
15a Merrion Sq. Limekiln Ave.
51%
15b Merrion Sq. Stocking Ave.
51%
7d Mountjoy Sq. Dalkey
51%
11b Phoenix Park (Infirmary Rd.) Donnybrook
49%
53 Talbot St. Dublin Ferryport
49%
60 John Rogerson Qy. Red Cow Luas
49%
65 Poolbeg St. Ballymore Eustace
49%
123 Marino Kilnamanagh Rd.
46%
15d Merrion Sq. Whitechurch
46%
69 Hawkins St. Rathcoole
46%
39a UCD Belfield Ongar
44%
68 Hawkins St. Greenogue Business Park
44%
E1 Northwood Ballywaltrim
44%
E2 Harristown Dún Laoghaire Stn.
44%
140 IKEA Rathmines
41%
16d Dublin Airport Ballinteer
41%
27a Eden Qy. Blunden Dr.
41%
27b Eden Qy. Harristown
41%
70 Burlington Rd. Dunboyne
41%
7e Mountjoy Sq. Dalkey via Shankill
41%
83 Harristown Kimmage
41%
130 Talbot St. Castle Ave.
39%
150 Hawkins St. Rossmore
39%
74 Eden Qy. Dundrum Luas
39%
142 UCD Belfield Portmarnock
37%
151 Docklands Foxborough
37%
27x UCD Belfield Clare Hall Xpresso
37%
38a Burlington Rd. IBM Damastown via Corduff
37%
40b Parnell St. Toberburr
37%
7n D'Olier St. Shankill Nitelink
37%
99 Phoenix Park (Visitor Centre) Phoenix Park (Visitor Centre) via Parkgate St.
37%
38b Burlington Rd. IBM Damastown
34%
C1 Sandymount Adamstown Stn. via Esker
34%
G1 Spencer Dock Red Cow Luas
34%
G2 Spencer Dock Liffey Valley SC
34%
H3 Abbey St. Lwr Howth Summit
34%
N4 Point Village Blanchardstown SC
34%
38d Burlington Rd. IBM Damastown via N3 Bypass
32%
40d Parnell St. Tyrrelstown
32%
41b Abbey St. Lwr Rolestown
32%
41c Abbey St. Lwr Swords Manor via Glen Ellan Rd.
32%
41d Abbey St. Lwr Swords Business Park
32%
H1 Abbey St. Lwr Baldoyle
32%
33d Custom House Qy. Portrane Xpresso
29%
33x Custom House Qy. Skerries Xpresso
29%
39x Burlington Rd. Ongar Xpresso
29%
C2 Sandymount Adamstown Stn. via Griffeen Ave.
29%
C3 Ringsend Rd. Maynooth via Leixlip
29%
C4 Ringsend Rd. Maynooth via Celbridge
29%
H2 Abbey St. Lwr Malahide
29%
122 Ashington Park Drimnagh Rd.
27%
33e Abbey St. Lwr Skerries
27%
40e Broombridge Luas Tyrrelstown
27%
42d DCU Portmarnock
27%
54a Pearse St. Kiltipper
27%
116 Parnell Sq. Whitechurch
24%
118 Eden Qy. Kiltiernan
24%
120 Ashtown Ballsbridge
24%
33n Westmoreland St. Balbriggan Nitelink
24%
41x UCD Belfield Knocksedan Xpresso
24%
42n D'Olier St. Portmarnock Nitelink
24%
44b Dundrum Luas Glencullen
24%
65a Tallaght (The Square) Blessington
24%
C5 Ringsend Rd. Maynooth via Chapelizod
24%
S2 Heuston Stn. Irishtown
24%
65b Poolbeg St. Citywest
22%
C6 Ringsend Rd. Maynooth via Parkgate St.
22%
X2 Hawkins St. Newcastle
22%
44d O'Connell St. Lwr Dundrum Luas
20%
49n D'Olier St. Kilnamanagh Nitelink
20%
68a Hawkins St. Bulfin Rd.
20%
69x Hawkins St. Rathcoole Xpresso
20%
X1 Hawkins St. Kilcoole
20%
32x UCD Belfield Malahide Xpresso
17%
56a Ringsend Rd. Tallaght (The Square)
17%
69n Aston Qy. Saggart Nitelink
17%
70d DCU Dunboyne
17%
L25 Dún Laoghaire Stn. Dundrum Luas
17%
29n D'Olier St. Baldoyle Rd. Nitelink
15%
77a Ringsend Rd. Citywest
15%
X30 UCD Belfield Adamstown Stn.
15%
X31 Earlsfort Terrace River Forest
15%
31n D'Olier St. Howth Stn. Nitelink
12%
51d Waterloo Rd. Clondalkin Xpresso
12%
83a Harristown Kimmage via Tolka Estate
12%
X25 UCD Belfield Maynooth (Straffan Rd.)
12%
X32 Earlsfort Terrace Hewlett Packard
12%
46n D'Olier St. Dundrum Luas Nitelink
10%
70n Westmoreland St. Tyrrelstown Nitelink
10%
77x UCD Belfield Citywest
10%
L12 Bray Stn. Ballywaltrim
10%
X26 Leeson St. Lwr Maynooth (Straffan Rd.)
10%
X27 UCD Belfield Salesian College via Aghards Rd.
10%
X28 UCD Belfield Salesian College via Celbridge
10%
77n D'Olier St. Westbrook Estate Nitelink
7%
88n Westmoreland St. Ashbourne Nitelink
7%
L14 Palermo Southern Cross Rd.
7%
84n D'Olier St Greystones Nitelink
5%
L53 Adamstown Stn. Liffey Valley SC
5%
L54 River Forest Red Cow Luas
5%
L58 River Forest Hazelhatch Stn. via Hewlett Packard
2%
L59 River Forest Hazelhatch Stn. via Celbridge
2%
P29 Ringsend Rd. Adamstown Stn.
2%
No matching quizzes found
Score Distribution
Percent of People with Each Score
Percentile by Number Answered
Your Score History
You have not taken this quiz since the last reset